Deepening democracy : (Record no. 52340)

MARC details
000 -LEADER
fixed length control field 01700nam a22002657a 4500
005 - DATE AND TIME OF LATEST TRANSACTION
control field 20110511104316.0
010 ## - LCCN (DPL NO)
LC control number B-425579-583
020 ## - INTERNATIONAL STANDARD BOOK NUMBER
International Standard Book Number 0195683528
Terms of availability 295.00
020 ## - INTERNATIONAL STANDARD BOOK NUMBER
International Standard Book Number 9780195683523
Terms of availability 295.00
035 ## - SYSTEM CONTROL NUMBER
System control number B-425579-583
037 ## - SOURCE OF ACQUISITION
Source of stock number/acquisition RBC/VEN
082 ## - DEWEY DECIMAL CLASSIFICATION NUMBER
Classification number 330.954
100 ## - MAIN ENTRY--PERSONAL NAME
Personal name Kishwar,Madhu Purnima
245 ## - TITLE STATEMENT
Title Deepening democracy :
Remainder of title challenges of governance and globalization in India /
Statement of responsibility, etc Madhu Purnima Kishwar.
260 ## - PUBLICATION, DISTRIBUTION, ETC. (IMPRINT)
Place of publication, distribution, etc New Delhi
Name of publisher, distributor, etc Oxford University Press
Date of publication, distribution, etc 2010
300 ## - PHYSICAL DESCRIPTION
Extent viii, 334p.
Dimensions 22 cm.(pbk)
500 ## - GENERAL NOTE
General note Includes bibliographical references
942 ## - ADDED ENTRY ELEMENTS (KOHA)
Source of classification or shelving scheme Dewey Decimal Classification
Item type English Books
Classification part 330.954
Call number suffix KIS
Holdings
Withdrawn status Lost status Not for loan Collection code Home library Current library Date acquired Source of acquisition Cost, normal purchase price Full call number Barcode Copy number Cost, replacement price Koha item type
      Non-fiction Central Library Central Library 16/05/2011 RBC/22493/23.3.11/76/4.3.11/25.3.11 295.00 330.954 KIS B-425579 1 295.00 English Books
      Non-fiction Karol Bagh Karol Bagh 16/05/2011 RBC/22493/23.3.11/76/4.3.11/25.3.11 295.00 330.954 KIS B-425582 1 295.00 English Books
  Written-off vide DLB M. No. 383 dt 16.05.19   Non-fiction Patel Nagar Patel Nagar 16/05/2011 RBC/22493/23.3.11/76/4.3.11/25.3.11 295.00 330.954 KIS B-425580 1 295.00 English Books
      Non-fiction Sarojini Nagar Sarojini Nagar 16/05/2011 RBC/22493/23.3.11/76/4.3.11/25.3.11 295.00 330.954 KIS B-425581 1 295.00 English Books
      Non-fiction Shahdara Branch Shahdara Branch 16/05/2011 RBC/22493/23.3.11/76/4.3.11/25.3.11 295.00 330.954 KIS B-425583 1 295.00 English Books

© Delhi Public Library
Hit Counter
free hit counter